[Event "Puspokladany Arnoth Memorial 15th"]
[Site "Puspokladany"]
[Date "2022.07.30"]
[Round "6"]
[White "Nadhazi, Imre"]
[Black "Donka, Peter"]
[Result "0-1"]
[WhiteElo "1981"]
[BlackElo "1961"]
[PlyCount "72"]
[EventDate "2022.07.27"]
[EventType "swiss"]
[EventRounds "9"]
[EventCountry "HUN"]
[SourceTitle "EXT 2023"]
[Source "ChessBase"]
[SourceDate "2022.10.05"]
[SourceVersion "1"]
[SourceVersionDate "2022.10.05"]
[SourceQuality "1"]

1. e4 e6 2. d4 d5 3. Nd2 Nf6 4. e5 Nfd7 5. f4 c5 6. c3 Nc6 7. Ngf3 a5 8. a4 cxd4 9. cxd4 Qb6 10. Nb3 Bb4+ 11. Kf2 0-0 12. Bd3 Be7 13. Rf1 Nb4 14. Bb1 f5 15. Kg1 Qc6 16. g4 Nb6 17. gxf5 exf5 18. Nbd2 Be6 19. b3 Qc3 20. Ra2 Nxa2 21. Bxa2 Rac8 22. Bb1 Rc7 23. Qe2 Rfc8 24. Kh1 Qb4 25. Bb2 Nxa4 26. bxa4 Qxb2 27. Bd3 Rc1 28. Rxc1 Rxc1+ 29. Kg2 h6 30. Kh3 Ra1 31. Qg2 Kh7 32. Qg4 g6 33. Qg3 Ra3 34. Bb5 g5 35. Kg2 g4 36. Be8 Rxf3 0-1

[Event "Puspokladany Arnoth Memorial 11th"]
[Site "Puspokladany"]
[Date "2018.07.28"]
[Round "6"]
[White "Nadhazi, Imre"]
[Black "Szuhanszki, Gergely"]
[Result "1-0"]
[WhiteElo "1884"]
[BlackElo "1822"]
[PlyCount "33"]
[EventDate "2018.07.25"]
[EventType "swiss"]
[EventRounds "9"]
[EventCountry "HUN"]
[SourceTitle "CBM 186 Extra"]
[Source "ChessBase"]
[SourceDate "2018.08.24"]
[SourceVersion "1"]
[SourceVersionDate "2018.08.24"]
[SourceQuality "1"]

1. e4 d6 2. Nc3 Nf6 3. f4 g6 4. Bc4 Bg7 5. d3 c5 6. Nf3 Nc6 7. 0-0 0-0 8. a3 a6 9. Qe1 b5 10. Ba2 Bb7 11. Qh4 Nd7 12. f5 b4 13. axb4 Nxb4 14. Bb3 c4 15. Bxc4 Nxc2 16. fxg6 hxg6 17. Ng5 1-0

[Event "Puspokladany Arnoth Memorial 10th"]
[Site "Puspokladany"]
[Date "2017.07.29"]
[Round "7"]
[White "Leszko, Bence"]
[Black "Nadhazi, Imre"]
[Result "1-0"]
[WhiteElo "2033"]
[BlackElo "1858"]
[PlyCount "63"]
[EventDate "2017.07.26"]
[EventType "swiss"]
[EventRounds "9"]
[EventCountry "HUN"]
[SourceTitle "EXT 2019"]
[Source "ChessBase"]
[SourceDate "2018.10.10"]
[SourceVersion "1"]
[SourceVersionDate "2018.10.10"]
[SourceQuality "1"]

1. e4 e5 2. Nf3 Nc6 3. Nc3 g6 4. d4 exd4 5. Nxd4 Bg7 6. Be3 Nge7 7. Bc4 0-0 8. f3 Na5 9. Bb3 Nxb3 10. axb3 d5 11. b4 c6 12. 0-0 b6 13. exd5 Nxd5 14. Nxc6 Nxe3 15. Nxd8 Nxd1 16. Rfxd1 Bf5 17. Nc6 Bxc2 18. Rd2 Bb3 19. Nb5 Rae8 20. g3 Re3 21. Kf2 Ree8 22. Ra3 Be6 23. Nc7 a5 24. bxa5 bxa5 25. Nxe8 Rxe8 26. Rxa5 Bf8 27. Rd8 Rxd8 28. Nxd8 Bb3 29. Nc6 Bd6 30. Nd4 Bd1 31. Ra8+ Kg7 32. Ke1 1-0